000 00619nam a2200193 a 4500
008 120416s1972 ||||||||||||||||| || u
050 _aHF 5415 Buz
100 _aBuzzell, Robert Dow
245 1 0 _aMarketing
246 _aa contemporary analysis
250 _a2nd ed.
260 _aNew York
_bMcGraw-Hill
_c1972
300 _axiii, 776p.
350 _a0.00
650 0 _aMARKETING--MANAGEMENT--CASE STUDIES
650 0 _aMARKETING
650 _aSALES MANAGEMENT
995 _D0.00
_FCBU-MAIN LIBRARY (Kitwe)
_H1
_I0.00
_M1
_UDAMAGED
_ZMain Library Open Access Collection
999 _c50396
_d50396